Confianza en sí mismo /

Serie con intención formativa y de superación personal, estructurada con textos breves acompañados de viñetas muy explícitas. El presente volumen afirma la necesidad de que el sujeto base su autoestima y autoconfianza en el ser profundo, sus valores y virtudes.

Guardado en:
Detalles Bibliográficos
Autor principal: González, Lourdes (autor)
Otros autores: G. de Galván, Guadalupe (coord. general) (coord. general)
Formato: Libro
Idioma:Español
Publicado: México : Superación Humana, 1998, c1998
Colección:(Formación Integral Etico-Filosófico Programa Persona ; 16)
Temas:
Etiquetas: Agrega una etiqueta
Sin etiquetas, Sé el primero en etiquetar este registro!

MARC

LEADER 00000nam^a2200000^a^4500
001 000292178
005 20250521000000.0
008 090907 19981998
009 20260310112101.003
020 |a 968-5013-15-2 
037 |a Acervo ITESO - Biblioteca 
041 |a ESP 
082 |a 158.  |b PRO V. 16 
100 |a González, Lourdes  |e (autor) 
240 1 1 |a [Programa Persona] 
245 1 0 |a Confianza en sí mismo /  |c L. González ; coord. general de G.G. de Galván. 
264 4 |a México :  |b Superación Humana,  |c 1998, c1998 
300 |a 35 p. 
336 |a texto  |b txt  |2 rdacontenido 
337 |a sin mediación  |b n  |2 rdamedio 
338 |a volumen  |b nc  |2 rdasoporte 
440 1 |a (Formación Integral Etico-Filosófico Programa Persona ;  |v 16) 
520 |a Serie con intención formativa y de superación personal, estructurada con textos breves acompañados de viñetas muy explícitas. El presente volumen afirma la necesidad de que el sujeto base su autoestima y autoconfianza en el ser profundo, sus valores y virtudes. 
649 |a XX 
650 |a Autoestima -  |x Tema Principal 
650 |a Amor Propio 
650 |a Identidad Personal 
650 |a Superación Personal y Autoayuda 
650 |a Psicología Positiva 
700 |a G. de Galván, Guadalupe  |e (coord. general) 
910 |a Fondo General 
920 |a Impresos - Libros 
930 |a Colección General 
905 |a 101 
901 |a 0500178503  |b IT1  |c ACC  |u 20250521 
901 |a 0500178506  |b IT1  |c ACC  |u 20250521 
902 |a https://opac.biblio.iteso.mx/vufind/Record/000292178